STN EN 13367+A1: 2009 (27 8733) Stroje na výrobu keramiky. Bezpečnosť. Presuvné plošiny a vozíky (Konsolidovaný text)

Táto norma je slovenskou verziou európskej normy EN 13367: 2005+A1: 2008. Preklad zabezpečil Slovenský ústav technickej normalizácie. Táto norma má rovnaké postavenie, ako majú oficiálne verzie

Bibliographic Details
Corporate Author: MIKONA - INFO (Zvolen, Slovensko) (Author)
Other Authors: Mihálik, Dušan (Translator), Volčko, Jaroslav (Translator)
Format: Book
Language:Slovak
English
PhysicalDescription:32 s. obr., tab. 30 cm
Published: Bratislava Slovenský ústav technickej normalizácie 2009
Subjects:

MARC

LEADER 00000nam a2200000 a 4500
001 vtls009842883
003 SK-MaSNL
005 20260301141936.0
008 160627s2009 xo ka f u 000 0 slo
015 |a SNBN2013 
020 |c (cen. skup. 13) 
035 |a (SVKBBclas03)vtls000308705 
040 |a SNK  |b slo  |c SNK  |e AACR2 
041 1 |a slo  |h eng 
044 |a xo  |c SK 
046 |a s  |m 200904 (účin. ) 
072 7 |a 666  |x Sklárstvo. Keramika. Cement  |2 konspekt 
080 |a 666.1.002.5  |2 2001 
080 |a 006.7/.8  |2 2001 
080 |a (437.6) 2 2001  |2 1981 
080 |a (4)  |2 2001 
080 |a 331.045  |2 2001 
084 |a 81.100  |2 ICS 
130 0 |a STN 27 8733 (STN EN 13367+A1 )  |9 496766 
245 1 0 |a STN EN 13367+A1: 2009 (27 8733) Stroje na výrobu keramiky. Bezpečnosť. Presuvné plošiny a vozíky (Konsolidovaný text)  |c spracovateľ MIKONA-INFO Zvolen, Dušan Mihálik, Jaroslav Volčko 
246 1 0 |a Stroje na výrobu keramiky 
246 3 0 |a EN 13367: 2005+A1: 2008 E 
246 1 0 |a Bezpečnosť 
246 1 0 |a Presuvné plošiny a vozíky (Konsolidovaný text) 
260 |a Bratislava  |b Slovenský ústav technickej normalizácie  |c 2009 
300 |a 32 s.  |b obr., tab.  |c 30 cm 
500 |a Táto norma nahrádza STN EN 13367 z novembra 2005 v celom rozsahu. STN EN 13367 z novembra 2005 sa môže súbežne s touto normou používať do 28.12.2009 
500 |a Dátum účinnosti opravy normy: december 2010 
504 |a Citované normy, súvisiace právne predpisy s. 2 ; literatúra s. 31 
520 8 |a Táto norma je slovenskou verziou európskej normy EN 13367: 2005+A1: 2008. Preklad zabezpečil Slovenský ústav technickej normalizácie. Táto norma má rovnaké postavenie, ako majú oficiálne verzie 
540 |a STN vydané na akomkoľvek nosiči sa môžu rozmnožovať a rozširovať iba so súhlasom určenej právnickej osoby  |b SÚTN Bratislava  |c zákon 264/1999 Z. z. 
650 0 7 |a stroje  |2 SVKBBPH  |9 3551 
650 0 7 |a technické normy a štandardy  |z Slovensko  |2 SVKBBPH  |9 79594 
650 0 7 |a technické normy a štandardy  |z krajiny Európskej únie  |2 SVKBBPH  |9 289341 
650 0 7 |a keramika  |2 SVKBBPH  |9 3061 
650 0 7 |a bezpečnosť  |2 SVKBBPH  |9 274422 
655 7 |a normy  |2 SVKBBPH  |9 70643 
700 1 |a Mihálik, Dušan  |4 trl  |9 321350 
700 1 |a Volčko, Jaroslav  |4 trl  |9 99320 
710 2 |a MIKONA - INFO (Zvolen, Slovensko)  |4 aut  |9 320465 
710 2 |a Slovenský ústav technickej normalizácie (Bratislava, Slovensko).  |b Technická komisia: TK 23 Zemné a stavebné stroje a priemyselné vozíky  |4 stn  |9 321907 
774 1 8 |t STN EN 13367: 2007  |d Bratislava: Slovenský ústav technickej normalizácie, 2007  |w vtls000227422 
958 |a OP 
958 |a NB 
999 |c 768710  |d 770640 
952 |a SNK  |b SNK  |y PREZ  |7 0  |p 17A0682980  |o snkSTN EN 13367+A1/AC  |i snk2010/28034  |8 0  |z Oprava AC/december 2010  |0 0  |1 0  |4 0  |d 2010-12-20  |l 0  |r 2026-02-24 00:27:08  |w 2026-02-24 
952 |a SNK  |b SNK  |y PREZ  |7 0  |p 17A0682981  |o snkSTN EN 13367+A1/AC D1  |i snk2010/28035  |8 0  |z Oprava AC/december 2010  |0 0  |1 0  |4 0  |d 2010-12-20  |l 0  |r 2026-02-24 00:27:08  |w 2026-02-24 
952 |a SNK  |b SNK  |y PREZ  |7 0  |p 17A0620676  |o snkSTN EN 13367+A1  |i snk2009/8637  |8 0  |0 0  |1 0  |4 0  |d 2009-05-13  |l 0  |r 2026-02-24 00:27:08  |w 2026-02-24 
952 |a SNK  |b SNK  |y PREZ  |7 0  |p 17A0620677  |o snkSTN EN 13367+A1 D1  |i snk2009/8638  |8 0  |0 0  |1 0  |4 0  |d 2009-05-13  |l 0  |r 2026-02-24 00:27:08  |w 2026-02-24